000 00317nam a2200121 a 4500
005 20140414132100.0
008 100703s19uu xx 00 eng d
050 _aFIC
_bD15 2000
100 _aDalal, Deepak
245 _aLadakh adventure :
_bA Vikramaditya Story.
260 _as.l :
_bTarini,
_c2000.
999 _c114434
_d114434